000 00579nam a22002177a 4500
003 OSt
005 20150522151017.0
008 150522b xxu||||| |||| 00| 0 eng d
020 _a0702024481
040 _cDNLM
082 _aW100 N71h 2000
100 _aNaidoo, Jennie
_94849
245 _aHealth promotion:
_bfoundations for practice
250 _a2nd ed.
260 _aEdinburgh;
_bBailliere
_c2000
300 _axii,400p;
_bcol.ill:
_c25cm
504 _aReferences, & index included
650 _aPublic health
_92243
700 _aWills, Jane
_94850
942 _2z
_cO_SHELF
999 _c1845
_d1845